000 00474nam a2200193 a 4500
005 20260322212007.0
008 data
020 _a8478884459
020 _a9788478884452
099 _aROWLIJ
100 1 _aRowling, J. K.
245 1 0 _aHarry Potter y la piedra filosofal/
_cJ. K. Rowling.
250 _aSpanish ed.
260 _aBarcelona :
_bEmec ̀ŒEditores, ;
_c1999.
300 _a254 p. ;
_b23 cm.
650 0 _aJuvenile fiction
650 0 _aNovela juvenil.
001 data
999 _c133
_d133